000 00571nam a2200181Ia 4500
003 LDD
008 190117s9999 xx 000 0 und d
020 _a818546930x
_c₹60
040 _cLDD
041 _ahi
082 _a8h3.7 ना1664कु
100 _aनागर, विष्णु
245 0 _aकुछ दूर
_cविष्णु नागर
260 _aहरियाणा
_bआधार
_c1994
901 _aHBC
904 _aReqst by : आशा एस कंवर
942 _2ddc
_cH
999 _c162197
_d162197